00338 a2200097 4500001001000000005001700010008004100027245008400068100002100152773006700173ART_1274520260410161909.0260409a 10aThe Efficiency and Distributional Consequences of Eighteenth Century Enclosures1 aAllen, Robert C.0 tThe Economic Journalg- Vol. 92, NÂș 368 (dic. 1982)wREV12512